Nghiên cứu thử nghiệm sản xuất thức ăn nuôi ghẹ xanh (Portunus pelagicus)

Saved in:
Bibliographic Details
Main Author: Lê, Vịnh
Format: Book
Language:Undetermined
Published: Nha Trang Bộ Thủy sản. Viện Nghiên cứu Nuôi trồng Thủy sản III 2005
Subjects:
Tags: Add Tag
No Tags, Be the first to tag this record!
Institutions: Trung tâm Học liệu Trường Đại học Cần Thơ
LEADER 00600nam a2200181Ia 4500
001 CTU_161155
008 210402s9999 xx 000 0 und d
082 |a 639.6 
082 |b V312 
100 |a Lê, Vịnh 
245 0 |a Nghiên cứu thử nghiệm sản xuất thức ăn nuôi ghẹ xanh (Portunus pelagicus) 
245 0 |c Lê Vịnh 
260 |a Nha Trang 
260 |b Bộ Thủy sản. Viện Nghiên cứu Nuôi trồng Thủy sản III 
260 |c 2005 
650 |a Fish culture 
904 |i Giang 
980 |a Trung tâm Học liệu Trường Đại học Cần Thơ